Arte español (Record no. 159722)

MARC details
000 -LEADER
campo de control de longitud fija 01147nas a2200277 i 4500
001 - NÚMERO DE CONTROL
campo de control 159722
003 - IDENTIFICADOR DE NÚMERO DE CONTROL
campo de control ES-MaACL
005 - FECHA Y HORA DE LA ÚLTIMA TRANSACCIÓN
campo de control 20250327205122.0
008 - DATOS DE LONGITUD FIJA--INFORMACIÓN GENERAL
campo de control de longitud fija 191114d19541959ag m| p | ||pa d
245 00 - MENCIÓN DEL TÍTULO
Título Arte español
Resto del título : canciones y estampas de la madre patria : revista mensual.
260 ## - PUBLICACIÓN, DISTRIBUCIÓN, ETC.
Lugar de publicación, distribución, etc. Buenos Aires :
Nombre del editor, distribuidor, etc. [s.n.,
Fecha de publicación, distribución, etc. 1954?-1959]
300 ## - DESCRIPCIÓN FÍSICA
Extensión 7 v. :
Otras características físicas il., retr. ;
Dimensiones 27 cm.
310 ## - PERIODICIDAD ACTUAL
Periodicidad actual Mensual
362 1# - FECHAS DE PUBLICACIÓN Y/O DESIGNACIÓN SECUENCIAL
Fecha de publicación y/o designación secuencial Año II, n. 8 (jun. 1954)-año III, n. 17 (marzo-abril 1956)- año V, n. 37 (jul.-ag. 1959)
505 8# - NOTA DE CONTENIDO CON FORMATO
Nota de contenido con formato Contiene (portadas): N. 8 ;
Título Rosario - n. 9 ;
-- Ana Esmeralda - n. 10 ;
-- Antonio - n. 13 ;
-- Julieta Kenán - n. 15 ;
-- Camelia Reyes: La Serranita, La Alondra de España - n. 16 ;
-- María Antinea - n. 17 ;
-- Carmen Toledo
590 0# - NOTA LOCAL (RLIN)
Nota local Descripción basada en: Año II, n. 8 (jun. 1954)
650 04 - PUNTO DE ACCESO ADICIONAL DE MATERIA--TÉRMINO DE MATERIA
Término de materia o nombre geográfico como elemento de entrada Canciones españolas-
Subdivisión cronológica S.XX.
9 (RLIN) 10726
650 04 - PUNTO DE ACCESO ADICIONAL DE MATERIA--TÉRMINO DE MATERIA
Término de materia o nombre geográfico como elemento de entrada Cantantes-
Subdivisión geográfica España-
Subdivisión cronológica S.XX.
9 (RLIN) 10745
650 #4 - PUNTO DE ACCESO ADICIONAL DE MATERIA--TÉRMINO DE MATERIA
Término de materia o nombre geográfico como elemento de entrada Cantaores.
9 (RLIN) 151289
650 #4 - PUNTO DE ACCESO ADICIONAL DE MATERIA--TÉRMINO DE MATERIA
Término de materia o nombre geográfico como elemento de entrada Danza española.
9 (RLIN) 11534
655 #7 - TERMINO DE INDIZACIÓN--GENERO/FORMA
Fuente del término tgfbne
9 (RLIN) 226866
Datos o término principal de género/forma Revistas
852 ## - LOCALIZACIÓN
Ubicación ES-MaACL
Número de control de estantería Hem-1717
866 #0 - MENCIÓN TEXTUAL DE FONDOS--UNIDAD BIBLIOGRÁFICA BÁSICA
Fondos (1954-1956)
942 ## - ELEMENTOS DE ENTRADA SECUNDARIOS (KOHA)
Fuente del sistema de clasificación o colocación Clasificación decimal universal
Holdings
Estatus retirado Estado de pérdida Estado de daño No para préstamo Colección Biblioteca de origen Biblioteca actual Ubicación en estantería Fecha de adquisición Fuente de adquisición Total de préstamos Signatura topográfica completa Código de barras Visto por última vez Precio de reemplazo Tipo de ítem Koha
        Periódicos y Revistas Biblioteca del Ateneo de Madrid Biblioteca del Ateneo de Madrid Hemeroteca 14/11/2019     Hem-1717 1201246 23/02/2023 23/02/2023 Revista